La integración económica y los países de menor desarrollo relativo (Registro nro. 5945)

Detalles MARC
000 -LEADER
fixed length control field 00906 a2200205 4500
001 - CONTROL NUMBER
control field 55412
005 - DATE AND TIME OF LATEST TRANSACTION
control field 20260407155828.0
008 - FIXED-LENGTH DATA ELEMENTS--GENERAL INFORMATION
fixed length control field 260407a1972 arg spa d
003 - CONTROL NUMBER IDENTIFIER
control field AR-UNSa-BCEJYS
040 ## - CATALOGING SOURCE
Original cataloging agency AR-UNSa-BCEJYS
Language of cataloging spa
Transcribing agency AR-UNSa-BCEJYS
080 ## - UNIVERSAL DECIMAL CLASSIFICATION NUMBER
Universal Decimal Classification number 339.92
Common auxiliary subdivision Cooperación económica internacional. Integración económica internacional
041 ## - LANGUAGE CODE
Language code of text/sound track or separate title spa
100 1# - MAIN ENTRY--PERSONAL NAME
Personal name Tamames, Ramón
245 10 - TITLE STATEMENT
Title La integración económica y los países de menor desarrollo relativo
Name of part/section of a work la experiencia de Austria y Portugal en la EFTA
264 #1 - PRODUCTION, PUBLICATION, DISTRIBUTION, MANUFACTURE, AND COPYRIGHT NOTICE
Place of production, publication, distribution, manufacture Buenos Aires :
Name of producer, publisher, distributor, manufacturer Instituto para la Integración de América Latina (INTAL)
Date of production, publication, distribution, manufacture, or copyright notice 1972
300 ## - PHYSICAL DESCRIPTION
Extent 120 p,.
Dimensions 23 cm.
505 ## - FORMATTED CONTENTS NOTE
Formatted contents note 1. Introducción - 2. La formación de la EFTA - 3. Los efectos de la creación de la EFTA - 4. La experiencia de Portugal en la EFTA; 5. La experiencia de Austria en la EFTA
590 ## - LOCAL NOTE (RLIN)
Local note niveau_biblio:m niveau_hierar:0
942 ## - ADDED ENTRY ELEMENTS (KOHA)
Koha item type
Existencias
Withdrawn status Lost status Damaged status Not for loan Home library Current library Shelving location Date acquired Total checkouts Full call number Barcode Date last seen Price effective from Koha item type
        Biblioteca Prof. Eusebio Cleto del Rey Biblioteca Prof. Eusebio Cleto del Rey   07/04/2026   339.92 T153 L44070 07/04/2026 07/04/2026 Libro
        Biblioteca Prof. Eusebio Cleto del Rey Biblioteca Prof. Eusebio Cleto del Rey   07/04/2026   339.92 T153 L13825 07/04/2026 07/04/2026 Libro